[Event "43. Olimpiada Batumi 2018 Femenina"]
[Site "Batumi GEO"]
[Date "2018.10.05"]
[Round "11.2"]
[White "Sakai, Azumi"]
[Black "Plaza Reino, Mercedes"]
[Result "0-1"]
[WhiteElo "1713"]
[BlackElo "1727"]
[PlyCount "96"]
[EventDate "2018.09.24"]
[EventType "team-swiss"]
[EventRounds "11"]
[EventCountry "GEO"]
[SourceTitle "Ajedrez en Madrid"]
[Source "lmi"]
[SourceDate "2018.09.24"]
[WhiteTeam "Japan"]
[BlackTeam "Ireland"]
[WhiteTeamCountry "JPN"]
[BlackTeamCountry "IRL"]

1. d4 d5 2. c4 e6 3. Nc3 Nf6 4. cxd5 exd5 5. Bg5 Be7 6. e3 h6 7. Bh4 c6 8. Qc2
O-O 9. Bd3 Nbd7 10. Nf3 Re8 11. O-O Ne4 12. Bxe7 Qxe7 13. Rab1 Nd6 14. Rfc1 a6
15. Na4 Rb8 16. b4 b5 17. Nc5 Nc4 18. Qc3 Nxc5 19. dxc5 a5 20. a3 Ra8 21. Ra1
a4 22. Nd4 Ne5 23. Re1 Qh4 24. Ra2 Bd7 25. Rf1 Qf6 26. Qc2 Rac8 27. Raa1 Re7
28. Rae1 Rce8 29. Be2 Nc4 30. Qc1 Bf5 31. Qc3 Qg6 32. Kh1 Ne5 33. Rd1 Be4 34.
Rg1 Qf6 35. Qe1 Nc4 36. Ra1 Re5 37. Bf3 Bxf3 38. Nxf3 Rf5 39. Rf1 Rxf3 40. Qe2
Rf5 41. Kg1 Qg6 42. Rfd1 Rg5 43. g3 Qh5 44. Qc2 Ne5 45. f4 Nf3+ 46. Kf1 Qh3+
47. Qg2 Nxh2+ 48. Kg1 Rxg3 0-1

[Event "43. Olimpiada Batumi 2018 Femenina"]
[Site "Batumi GEO"]
[Date "2018.10.05"]
[Round "11.3"]
[White "Lowry-O`Reilly, Hannah"]
[Black "Kojima, Natsumi"]
[Result "1-0"]
[WhiteElo "1716"]
[BlackElo "1655"]
[PlyCount "119"]
[EventDate "2018.09.24"]
[EventType "team-swiss"]
[EventRounds "11"]
[EventCountry "GEO"]
[SourceTitle "Ajedrez en Madrid"]
[Source "lmi"]
[SourceDate "2018.09.24"]
[WhiteTeam "Ireland"]
[BlackTeam "Japan"]
[WhiteTeamCountry "IRL"]
[BlackTeamCountry "JPN"]

1. d4 Nf6 2. Nf3 c5 3. e3 g6 4. Bd3 Bg7 5. O-O O-O 6. b3 Nc6 7. Bb2 cxd4 8.
exd4 d6 9. Nbd2 Nb4 10. Be2 Bf5 11. c3 Nd3 12. Bxd3 Bxd3 13. Re1 Rc8 14. Nf1
Bf5 15. Ne3 Bd7 16. a4 Ng4 17. h3 Nxe3 18. Rxe3 d5 19. Ne5 f6 20. Nxd7 Qxd7 21.
Ba3 Rfe8 22. Qf3 e5 23. Qd1 Bh6 24. Re2 e4 25. Bc1 Bf8 26. Rc2 Qf7 27. Qe2 f5
28. Bf4 Bg7 29. Rd1 h6 30. h4 Qe7 31. g3 g5 32. hxg5 hxg5 33. Bc1 g4 34. Qe3
Kf7 35. Qf4 Rh8 36. Qxf5+ Bf6 37. Qxd5+ Qe6 38. Qxe6+ Kxe6 39. Kf1 Rhd8 40. Be3
Kf5 41. c4 Be7 42. d5 Bd6 43. Bxa7 Be5 44. Ke2 Rd7 45. Be3 Rh7 46. Bd4 Bb8 47.
Ke3 Bd6 48. Ra2 Rh2 49. Raa1 Rh7 50. Rh1 Rh3 51. Rhg1 Be5 52. Bxe5 Kxe5 53.
Rad1 Rf8 54. d6 Rf3+ 55. Ke2 Rh8 56. d7 Rd8 57. b4 Rf7 58. Rd5+ Ke6 59. Rgd1
Rf3 60. R1d4 1-0

[Event "43. Olimpiada Batumi 2018 Femenina"]
[Site "Batumi GEO"]
[Date "2018.10.05"]
[Round "11.4"]
[White "Shibata, Misaki"]
[Black "Ui Laighleis, Gearoidin"]
[Result "1/2-1/2"]
[WhiteElo "1605"]
[BlackElo "1791"]
[PlyCount "110"]
[EventDate "2018.09.24"]
[EventType "team-swiss"]
[EventRounds "11"]
[EventCountry "GEO"]
[SourceTitle "Ajedrez en Madrid"]
[Source "lmi"]
[SourceDate "2018.09.24"]
[WhiteTeam "Japan"]
[BlackTeam "Ireland"]
[WhiteTeamCountry "JPN"]
[BlackTeamCountry "IRL"]

1. d4 d5 2. c4 e6 3. Nc3 Nf6 4. Bg5 Be7 5. e3 O-O 6. Rc1 Nbd7 7. Nf3 a6 8. Bd3
dxc4 9. Bxc4 b5 10. Bd3 Bb7 11. O-O Re8 12. Qe2 Rc8 13. Rfd1 c6 14. a3 Qb6 15.
b4 h6 16. Bh4 Nd5 17. Bxe7 Rxe7 18. Ne4 Rd8 19. Qb2 N5f6 20. Nc5 Nxc5 21. dxc5
Qc7 22. h3 Rd5 23. e4 Rd8 24. Bb1 Rxd1+ 25. Rxd1 Rd7 26. Qc2 Rxd1+ 27. Qxd1 Qd7
28. Qc2 g6 29. Qe2 Nh5 30. Bc2 Nf6 31. Qe3 Kg7 32. Qc3 Qd8 33. Ne5 Ba8 34. Nf3
Bb7 35. Ne5 Ba8 36. f4 Kg8 37. Nf3 Nh5 38. Qe3 Nf6 39. Nd2 Kg7 40. Qf2 Bb7 41.
e5 Nd5 42. Ne4 Qe7 43. Qg3 Bc8 44. Qf2 Bd7 45. g3 Be8 46. Qf3 Qd8 47. Nd6 Ne7
48. Be4 Nd5 49. Kh2 Qd7 50. h4 Qd8 51. Kh3 Bd7 52. Kh2 Qe7 53. Kh3 Qd8 54. Bc2
Qe7 55. g4 f6 1/2-1/2

[Event "43. Olimpiada Batumi 2018 Femenina"]
[Site "Batumi GEO"]
[Date "2018.10.05"]
[Round "11.1"]
[White "Rania, Sbai"]
[Black "Figueroa, Any"]
[Result "1-0"]
[WhiteElo "1893"]
[BlackElo "1739"]
[PlyCount "103"]
[EventDate "2018.09.24"]
[EventType "team-swiss"]
[EventRounds "11"]
[EventCountry "GEO"]
[SourceTitle "Ajedrez en Madrid"]
[Source "lmi"]
[SourceDate "2018.09.24"]
[WhiteTeam "Morocco"]
[BlackTeam "Honduras"]
[WhiteTeamCountry "MAR"]
[BlackTeamCountry "HON"]

1. d4 Nf6 2. c4 g6 3. Nc3 Bg7 4. e4 d6 5. Nf3 O-O 6. Be2 b6 7. O-O Bb7 8. d5 a5
9. Ne1 Nbd7 10. Be3 Nc5 11. f3 Re8 12. Nd3 c6 13. dxc6 Bxc6 14. Nxc5 bxc5 15.
Qc2 Nd7 16. Rad1 Qb6 17. b3 Rab8 18. Nb5 Bxb5 19. cxb5 Bd4 20. Qd2 Bxe3+ 21.
Qxe3 Nf8 22. Bc4 Ne6 23. Bxe6 fxe6 24. a4 Rbd8 25. Kh1 d5 26. Qg5 d4 27. Rc1
Rc8 28. Rc4 Rc7 29. Rfc1 Rec8 30. h4 Qd6 31. h5 e5 32. h6 Qf6 33. Qxf6 exf6 34.
Kg1 Kf7 35. Kf2 Ke6 36. b6 Rb7 37. Rxc5 Rxc5 38. Rxc5 Rxb6 39. Rxa5 Rxb3 40.
Ra7 Rb2+ 41. Ke1 Rxg2 42. Rxh7 Rh2 43. a5 Rh1+ 44. Ke2 Rh2+ 45. Kd3 Rf2 46. a6
Rxf3+ 47. Ke2 Re3+ 48. Kd2 Ra3 49. a7 Ra2+ 50. Kd3 Ra3+ 51. Kc2 Ra2+ 52. Kb3
1-0

[Event "43. Olimpiada Batumi 2018 Femenina"]
[Site "Batumi GEO"]
[Date "2018.10.05"]
[Round "11.2"]
[White "Ortiz, Katherine Berenice"]
[Black "Mayar ElIdrissi, Firdaous"]
[Result "1/2-1/2"]
[WhiteElo "1822"]
[BlackElo "1797"]
[PlyCount "99"]
[EventDate "2018.09.24"]
[EventType "team-swiss"]
[EventRounds "11"]
[EventCountry "GEO"]
[SourceTitle "Ajedrez en Madrid"]
[Source "lmi"]
[SourceDate "2018.09.24"]
[WhiteTeam "Honduras"]
[BlackTeam "Morocco"]
[WhiteTeamCountry "HON"]
[BlackTeamCountry "MAR"]

1. e4 c5 2. d3 Nc6 3. g3 g6 4. Bg2 Bg7 5. f4 d6 6. Nf3 e6 7. c3 Nge7 8. Be3 Rb8
9. O-O O-O 10. Bf2 b5 11. d4 cxd4 12. cxd4 d5 13. e5 b4 14. Nbd2 Na5 15. Re1
Ba6 16. b3 Qb6 17. Nf1 Rfc8 18. Ne3 Rc3 19. Qd2 Rbc8 20. Rec1 Qc7 21. Rxc3 bxc3
22. Qc2 Nf5 23. Nxf5 gxf5 24. Ne1 Bf8 25. Bf1 Bxf1 26. Kxf1 Ba3 27. Nd3 Nb7 28.
h3 h5 29. Ke2 Kg7 30. Rg1 a5 31. g4 hxg4 32. hxg4 fxg4 33. Rxg4+ Kf8 34. Bh4
Be7 35. Bg5 Bxg5 36. Rxg5 Ke7 37. f5 Rh8 38. f6+ Ke8 39. Nf2 a4 40. Rg3 axb3
41. axb3 Rh4 42. Rxc3 Qb6 43. Rd3 Rxd4 44. Qc8+ Nd8 45. Rh3 Rd2+ 46. Kxd2 Qxf2+
47. Kc3 d4+ 48. Kb4 Qe1+ 49. Ka4 Qa1+ 50. Kb4 1/2-1/2

[Event "43. Olimpiada Batumi 2018 Femenina"]
[Site "Batumi GEO"]
[Date "2018.10.05"]
[Round "11.3"]
[White "Ibrahimi, Khadija"]
[Black "Garcia, Marcella"]
[Result "0-1"]
[WhiteElo "1531"]
[BlackElo "1755"]
[PlyCount "82"]
[EventDate "2018.09.24"]
[EventType "team-swiss"]
[EventRounds "11"]
[EventCountry "GEO"]
[SourceTitle "Ajedrez en Madrid"]
[Source "lmi"]
[SourceDate "2018.09.24"]
[WhiteTeam "Morocco"]
[BlackTeam "Honduras"]
[WhiteTeamCountry "MAR"]
[BlackTeamCountry "HON"]

1. e4 c5 2. Nc3 d6 3. f4 g6 4. Nf3 Bg7 5. Be2 Nc6 6. d3 e6 7. O-O Nd4 8. a4 Ne7
9. Be3 a6 10. Bxd4 cxd4 11. Nb1 d5 12. Nbd2 dxe4 13. dxe4 d3 14. Bxd3 Bxb2 15.
Rb1 Bg7 16. Nc4 Rb8 17. Qe2 O-O 18. Rfd1 Qc7 19. e5 Nd5 20. Qd2 b5 21. axb5
axb5 22. Nd6 b4 23. Rb3 Nc3 24. Ra1 Bd7 25. Qe1 Bc6 26. Ng5 Bd5 27. Rb2 f6 28.
Nge4 fxe5 29. fxe5 Nxe4 30. Bxe4 Bxe5 31. Bxd5 Qc5+ 32. Kh1 Qxd5 33. Rd1 Bd4
34. Rxb4 Rxb4 35. Qxb4 Rf2 36. Qb8+ Kg7 37. Qc7+ Kh6 38. Nf7+ Kh5 39. Qg3 Qf5
40. h3 Rf1+ 41. Rxf1 Qxf1+ 0-1

[Event "43. Olimpiada Batumi 2018 Femenina"]
[Site "Batumi GEO"]
[Date "2018.10.05"]
[Round "11.4"]
[White "Garcia, Andrea Nicole"]
[Black "Alaoui Belghiti, Chaimaa"]
[Result "0-1"]
[WhiteElo "1698"]
[BlackElo "1689"]
[PlyCount "83"]
[EventDate "2018.09.24"]
[EventType "team-swiss"]
[EventRounds "11"]
[EventCountry "GEO"]
[SourceTitle "Ajedrez en Madrid"]
[Source "lmi"]
[SourceDate "2018.09.24"]
[WhiteTeam "Honduras"]
[BlackTeam "Morocco"]
[WhiteTeamCountry "HON"]
[BlackTeamCountry "MAR"]

1. e4 c6 2. c4 d5 3. exd5 cxd5 4. cxd5 Qxd5 5. Nc3 Qd8 6. Nf3 Nf6 7. d4 e6 8.
Bg5 Be7 9. Rc1 O-O 10. Bc4 Nc6 11. O-O h6 12. Bh4 a6 13. a4 Qb6 14. Qb3 Qd8 15.
Qd1 Qb6 16. Qb3 Qd8 17. Qd1 Qb6 18. Rc2 Rd8 19. Rd2 Qc7 20. Bg3 Bd6 21. Bxd6
Rxd6 22. Ba2 Nb4 23. Qb3 Nbd5 24. Nxd5 Nxd5 25. Rc2 Qd8 26. Rfc1 Rb6 27. Qc4
Rc6 28. Qb3 Rb6 29. Qc4 Rc6 30. Qb3 Rb6 31. Qa3 Nf4 32. Kf1 Bd7 33. Rc7 Bc6 34.
Qe7 Qxe7 35. Rxe7 Rxb2 36. d5 exd5 37. Ne5 Rxa2 38. Nxc6 bxc6 39. g3 Nd3 40.
Rxc6 Rxf2+ 41. Kg1 Rb8 42. Re1 0-1

[Event "43. Olimpiada Batumi 2018 Femenina"]
[Site "Batumi GEO"]
[Date "2018.10.05"]
[Round "11.2"]
[White "Albzoor, Anwar"]
[Black "Gerasimova, Olga"]
[Result "1/2-1/2"]
[WhiteElo "1595"]
[BlackElo "2010"]
[PlyCount "77"]
[EventDate "2018.09.24"]
[EventType "team-swiss"]
[EventRounds "11"]
[EventCountry "GEO"]
[SourceTitle "Ajedrez en Madrid"]
[Source "lmi"]
[SourceDate "2018.09.24"]
[WhiteTeam "Palestine"]
[BlackTeam "ICCD"]
[WhiteTeamCountry "PLE"]

1. Nf3 Nf6 2. c4 d5 3. cxd5 Nxd5 4. d4 g6 5. g3 Bg7 6. Bg2 O-O 7. O-O c6 8. Nc3
Nc7 9. e3 Nd7 10. b4 a5 11. bxa5 Rxa5 12. Bd2 Ra6 13. Qb3 e5 14. Nxe5 Rb6 15.
Qc2 Nxe5 16. dxe5 Bxe5 17. Rab1 Ra6 18. Rfd1 Qe7 19. Na4 Bd6 20. Nb6 Be6 21. a4
Nd5 22. Nxd5 cxd5 23. Qb3 d4 24. Qxb7 Qxb7 25. Rxb7 Rxa4 26. Be1 Bc5 27. Bc6
Ra6 28. Bb5 Rd6 29. exd4 Rxd4 30. Rxd4 Bxd4 31. Bd7 Bd5 32. Rb4 Bf6 33. Rb6 Kg7
34. Rd6 Ba8 35. Kf1 Rd8 36. Rd2 Bc3 37. Ra2 Bxe1 38. Kxe1 Bd5 39. Ra7 1/2-1/2

[Event "43. Olimpiada Batumi 2018 Femenina"]
[Site "Batumi GEO"]
[Date "2018.10.05"]
[Round "11.3"]
[White "Lagutina, Olga"]
[Black "Faqeeh, Yara"]
[Result "1-0"]
[WhiteElo "1948"]
[BlackElo "1451"]
[PlyCount "63"]
[EventDate "2018.09.24"]
[EventType "team-swiss"]
[EventRounds "11"]
[EventCountry "GEO"]
[SourceTitle "Ajedrez en Madrid"]
[Source "lmi"]
[SourceDate "2018.09.24"]
[WhiteTeam "ICCD"]
[BlackTeam "Palestine"]
[BlackTeamCountry "PLE"]

1. d4 Nf6 2. c4 g6 3. Nc3 Bg7 4. e4 d6 5. Be2 Nbd7 6. Bg5 e5 7. d5 O-O 8. Qd2
Nc5 9. f3 a5 10. g4 c6 11. h4 Qc7 12. Bh6 Qb6 13. h5 Ncd7 14. Bxg7 Kxg7 15.
hxg6 fxg6 16. Qh6+ Kf7 17. O-O-O Rh8 18. Nh3 Nf8 19. Ng5+ Kg8 20. Nh3 Qc7 21.
Rdg1 Bd7 22. f4 exf4 23. Qxf4 Ne8 24. Rf1 Bf5 25. gxf5 Qf7 26. Qe3 Nf6 27. fxg6
hxg6 28. Qf3 N8d7 29. Ng5 Qe7 30. Rxh8+ Kxh8 31. Rh1+ Kg8 32. Qg2 1-0

[Event "43. Olimpiada Batumi 2018 Femenina"]
[Site "Batumi GEO"]
[Date "2018.10.05"]
[Round "11.4"]
[White "Faqeeh, Aseel"]
[Black "Malika, Handa"]
[Result "1-0"]
[WhiteElo "1432"]
[BlackElo "1334"]
[PlyCount "74"]
[EventDate "2018.09.24"]
[EventType "team-swiss"]
[EventRounds "11"]
[EventCountry "GEO"]
[SourceTitle "Ajedrez en Madrid"]
[Source "lmi"]
[SourceDate "2018.09.24"]
[WhiteTeam "Palestine"]
[BlackTeam "ICCD"]
[WhiteTeamCountry "PLE"]

1. d4 g6 2. c4 Bg7 3. Nc3 Nf6 4. Nf3 d6 5. e4 O-O 6. Be2 Nbd7 7. O-O e5 8. d5
Nc5 9. Qc2 a5 10. Be3 Nfd7 11. Nd2 f5 12. f4 exf4 13. Bxf4 Ne5 14. exf5 Bxf5
15. Nde4 Qe7 16. b3 Nxc4 17. Bxc4 Nxe4 18. Rae1 Bxc3 19. Qxc3 Qd7 20. Qd4 Nf6
21. Re2 Rae8 22. Rfe1 Rxe2 23. Rxe2 Kf7 24. Bg5 Ng4 25. Re7+ Qxe7 26. Bxe7 Kxe7
27. h3 Ne5 28. Qa7 Nxc4 29. bxc4 Bd3 30. Qe3+ Kd7 31. Qxd3 b6 32. Qg3 c6 33.
Qg4+ Kc7 34. dxc6 Kxc6 35. Qe4+ Kd7 36. Qb7+ Ke6 37. Qxb6 Rf5 1-0

[Event "43. Olimpiada Batumi 2018 Femenina"]
[Site "Batumi GEO"]
[Date "2018.10.05"]
[Round "11.1"]
[White "Barria Baker, Raisa Melissa"]
[Black "Ndirangu, Joyce Nyaruai"]
[Result "1-0"]
[WhiteElo "1962"]
[BlackElo "1673"]
[PlyCount "99"]
[EventDate "2018.09.24"]
[EventType "team-swiss"]
[EventRounds "11"]
[EventCountry "GEO"]
[SourceTitle "Ajedrez en Madrid"]
[Source "lmi"]
[SourceDate "2018.09.24"]
[WhiteTeam "Panama"]
[BlackTeam "Kenya"]
[WhiteTeamCountry "PAN"]
[BlackTeamCountry "KEN"]

1. d4 Nf6 2. Nf3 d5 3. c4 c6 4. Nc3 Bf5 5. e3 e6 6. Bd2 Bd6 7. b3 Nbd7 8. Be2
Ng4 9. h3 Ngf6 10. Nh4 Be4 11. cxd5 exd5 12. O-O Bb8 13. f4 h6 14. Nxe4 dxe4
15. Nf5 g6 16. Ng3 Qe7 17. Qc2 Nb6 18. b4 Nbd5 19. b5 O-O 20. bxc6 bxc6 21.
Qxc6 Bd6 22. Qa4 Rfc8 23. Rab1 Nc3 24. Bxc3 Rxc3 25. Rb3 Rac8 26. h4 Nd5 27.
Rxc3 Rxc3 28. Qa5 Qe6 29. Qd8+ Bf8 30. f5 gxf5 31. Nxf5 Nxe3 32. Nxe3 Rxe3 33.
Bh5 f5 34. d5 Qe5 35. Qd7 Be7 36. Qe8+ Kh7 37. Qg6+ Kh8 38. Qxh6+ Kg8 39. Qxe3
Qxd5 40. Qh6 Bc5+ 41. Kh1 Qd4 42. Qg6+ Kh8 43. Qe8+ Kg7 44. Qf7+ Kh8 45. Bg6
Qg7 46. Qxg7+ Kxg7 47. Bxf5 e3 48. Bd3 Kh6 49. Kh2 Bd4 50. g4 1-0

[Event "43. Olimpiada Batumi 2018 Femenina"]
[Site "Batumi GEO"]
[Date "2018.10.05"]
[Round "11.2"]
[White "Jumba, Gloria"]
[Black "Chung, Yaleika"]
[Result "0-1"]
[WhiteElo "1598"]
[BlackElo "1736"]
[PlyCount "108"]
[EventDate "2018.09.24"]
[EventType "team-swiss"]
[EventRounds "11"]
[EventCountry "GEO"]
[SourceTitle "Ajedrez en Madrid"]
[Source "lmi"]
[SourceDate "2018.09.24"]
[WhiteTeam "Kenya"]
[BlackTeam "Panama"]
[WhiteTeamCountry "KEN"]
[BlackTeamCountry "PAN"]

1. d4 d5 2. Nf3 Nf6 3. g3 h6 4. Bg2 Bf5 5. O-O e6 6. c4 c6 7. Qb3 Qb6 8. c5
Qxb3 9. axb3 Na6 10. Bd2 Nc7 11. Rd1 Bc2 12. Rc1 Bxb3 13. Ne5 Nb5 14. e3 Nd7
15. Nxd7 Kxd7 16. Bf1 Be7 17. Be1 h5 18. Nd2 Bc4 19. Nxc4 dxc4 20. Bxc4 a6 21.
Ba5 Bg5 22. Kg2 Bd8 23. Bxd8 Rhxd8 24. h4 Ke7 25. Rd1 Nc7 26. Rd3 Rd7 27. Rb3
Nd5 28. Bxd5 exd5 29. Ra4 Rc8 30. Rb6 Kf6 31. Rab4 Rcc7 32. f4 Kf5 33. Kf3 Re7
34. Rb3 f6 35. R6b4 g5 36. hxg5 fxg5 37. fxg5 Kxg5 38. Ra4 Rf7+ 39. Kg2 Rce7
40. Ra1 Kg4 41. Rf1 Rxf1 42. Kxf1 Kxg3 43. e4+ Kf4 44. e5 Ke4 45. Rh3 Kxd4 46.
Rxh5 Kxc5 47. Ke2 Kd4 48. Kd2 Rxe5 49. Rh7 b6 50. Rb7 Kc5 51. Rh7 Re4 52. Rh6
Kb5 53. Rh3 c5 54. Rh5 d4 0-1

[Event "43. Olimpiada Batumi 2018 Femenina"]
[Site "Batumi GEO"]
[Date "2018.10.05"]
[Round "11.3"]
[White "Carrillo Marval, Maria Angelica"]
[Black "Wanjiru, Lucy"]
[Result "0-1"]
[WhiteElo "1712"]
[BlackElo "1475"]
[PlyCount "136"]
[EventDate "2018.09.24"]
[EventType "team-swiss"]
[EventRounds "11"]
[EventCountry "GEO"]
[SourceTitle "Ajedrez en Madrid"]
[Source "lmi"]
[SourceDate "2018.09.24"]
[WhiteTeam "Panama"]
[BlackTeam "Kenya"]
[WhiteTeamCountry "PAN"]
[BlackTeamCountry "KEN"]

1. e4 e6 2. Qe2 c6 3. Nf3 d5 4. exd5 cxd5 5. d4 Nc6 6. c3 Bd6 7. Be3 Nf6 8. g3
Qc7 9. Bg2 Bd7 10. Nbd2 a6 11. O-O Na5 12. Rfc1 Nc4 13. Nxc4 dxc4 14. Nd2 Rc8
15. Bg5 O-O 16. Bxf6 gxf6 17. Ne4 Be7 18. Qh5 f5 19. Ng5 Bxg5 20. Qxg5+ Kh8 21.
Qf6+ Kg8 22. h4 b5 23. h5 Qd8 24. Qh6 Bc6 25. Rd1 Bxg2 26. Kxg2 f6 27. Qf4 Qd5+
28. Qf3 Kf7 29. Qxd5 exd5 30. Kf3 Rg8 31. Rh1 Rg4 32. Rae1 Re4 33. Rxe4 fxe4+
34. Kf4 Ke6 35. g4 Rf8 36. Re1 h6 37. Rg1 Rg8 38. Rg3 Rg5 39. Rh3 f5 40. gxf5+
Rxf5+ 41. Ke3 Kf6 42. Rh1 Kg5 43. Rg1+ Kxh5 44. Rg7 Rf3+ 45. Ke2 Rf5 46. Ra7
Kg4 47. Rxa6 h5 48. Rg6+ Rg5 49. Rf6 h4 50. Rh6 h3 51. Kf1 Rf5 52. Rg6+ Kh5 53.
Rg3 Kh4 54. Kg1 Rf6 55. Rg7 h2+ 56. Kxh2 Rxf2+ 57. Rg2 Rf3 58. Kg1 e3 59. Re2
Kg3 60. Rg2+ Kf4 61. Re2 Rg3+ 62. Kf1 Kf3 63. Rh2 Rg4 64. Rh3+ Ke4 65. Rh2 Kd3
66. Rh3 Rf4+ 67. Ke1 Rf2 68. b3 Rxa2 0-1

[Event "43. Olimpiada Batumi 2018 Femenina"]
[Site "Batumi GEO"]
[Date "2018.10.05"]
[Round "11.4"]
[White "Mongeli, Sasha"]
[Black "Gonzalez, Yaribeth"]
[Result "1-0"]
[WhiteElo "1499"]
[BlackElo "1727"]
[PlyCount "71"]
[EventDate "2018.09.24"]
[EventType "team-swiss"]
[EventRounds "11"]
[EventCountry "GEO"]
[SourceTitle "Ajedrez en Madrid"]
[Source "lmi"]
[SourceDate "2018.09.24"]
[WhiteTeam "Kenya"]
[BlackTeam "Panama"]
[WhiteTeamCountry "KEN"]
[BlackTeamCountry "PAN"]

1. e4 e5 2. Nf3 Nc6 3. d4 exd4 4. Nxd4 Bc5 5. Be3 Qf6 6. c3 Nge7 7. Bb5 O-O 8.
O-O Bb6 9. Re1 d6 10. Nxc6 bxc6 11. Bd3 Ng6 12. Nd2 d5 13. Qf3 Qd8 14. Bf1 f5
15. exd5 cxd5 16. Rad1 Bb7 17. Nc4 Qc8 18. Nxb6 axb6 19. Bg5 Kh8 20. a3 d4 21.
Qd3 dxc3 22. Qxc3 Ra5 23. Bh6 Rf6 24. b4 Rd5 25. Rxd5 Bxd5 26. Bg5 Re6 27. Bh6
Rf6 28. Qd4 Bf7 29. Bb5 c5 30. Qc3 Qd8 31. Bg5 Qd4 32. Qxd4 cxd4 33. Bxf6 gxf6
34. Rd1 Nf4 35. Rxd4 Nd5 36. Bc4 1-0

[Event "43. Olimpiada Batumi 2018 Femenina"]
[Site "Batumi GEO"]
[Date "2018.10.05"]
[Round "11.1"]
[White "Leon Sandoval, Johan"]
[Black "Vazquez Maccarini, Danitza"]
[Result "0-1"]
[WhiteElo "1708"]
[BlackElo "2082"]
[PlyCount "110"]
[EventDate "2018.09.24"]
[EventType "team-swiss"]
[EventRounds "11"]
[EventCountry "GEO"]
[SourceTitle "Ajedrez en Madrid"]
[Source "lmi"]
[SourceDate "2018.09.24"]
[WhiteTeam "Nicaragua"]
[BlackTeam "Puerto Rico"]
[WhiteTeamCountry "NCA"]
[BlackTeamCountry "PUR"]

1. c4 e5 2. Nc3 Nc6 3. g3 Nf6 4. Bg2 Bc5 5. e3 d6 6. Nge2 a6 7. O-O O-O 8. d4
Ba7 9. d5 Ne7 10. Qc2 Bf5 11. e4 Bg6 12. Bg5 Nd7 13. Qb3 Nc5 14. Qd1 f5 15.
exf5 Bxf5 16. Be3 Ng6 17. b4 Nd7 18. Bxa7 Rxa7 19. Ne4 Bxe4 20. Bxe4 Qg5 21.
Qd3 Nf4 22. Nxf4 exf4 23. Bxh7+ Kh8 24. Be4 Ne5 25. Qd4 Raa8 26. Kh1 f3 27. Bd3
Rf6 28. Rfd1 Rh6 29. Bf1 Rxh2+ 30. Kxh2 Ng4+ 31. Qxg4 Qxg4 32. Bh3 Qxc4 33. Be6
Qxb4 34. Rh1 g6 35. Kg1+ Kg7 36. Rc1 c5 37. dxc6 bxc6 38. Rh4 Qd2 39. Rb1 Ra7
40. Rhb4 Re7 41. Re4 d5 42. Re3 Qxa2 43. Rbe1 Qd2 44. Kf1 Re8 45. Rxf3 Rf8 46.
Rxf8 Kxf8 47. Bd7 c5 48. Re8+ Kf7 49. Rc8 Qd3+ 50. Kg1 c4 51. Rc7 Kf6 52. Rc6+
Ke7 53. Bc8 c3 54. Bxa6 Qd1+ 55. Kg2 c2 0-1

[Event "43. Olimpiada Batumi 2018 Femenina"]
[Site "Batumi GEO"]
[Date "2018.10.05"]
[Round "11.2"]
[White "Comas Colon, Rinelly M"]
[Black "Narvaez Talavera, Joanie Ellen"]
[Result "0-1"]
[WhiteElo "1720"]
[BlackElo "1670"]
[PlyCount "52"]
[EventDate "2018.09.24"]
[EventType "team-swiss"]
[EventRounds "11"]
[EventCountry "GEO"]
[SourceTitle "Ajedrez en Madrid"]
[Source "lmi"]
[SourceDate "2018.09.24"]
[WhiteTeam "Puerto Rico"]
[BlackTeam "Nicaragua"]
[WhiteTeamCountry "PUR"]
[BlackTeamCountry "NCA"]

1. c4 c6 2. d4 d5 3. cxd5 cxd5 4. Nf3 Nf6 5. g3 e6 6. Bg2 Nc6 7. O-O Be7 8. Nc3
O-O 9. b3 Bd7 10. Bb2 Rc8 11. e3 Qa5 12. Ne2 Ne4 13. a3 Rc7 14. b4 Qb6 15. Nc3
Nxc3 16. Bxc3 Rfc8 17. Bd2 Nd8 18. Ne5 Bb5 19. Re1 f6 20. a4 fxe5 21. axb5 e4
22. Bf1 Rc2 23. Kg2 Nf7 24. f4 exf3+ 25. Kxf3 Ng5+ 26. Kf4 e5+ 0-1

[Event "43. Olimpiada Batumi 2018 Femenina"]
[Site "Batumi GEO"]
[Date "2018.10.05"]
[Round "11.3"]
[White "Alvarez Gutierrez, Patricia"]
[Black "Vega Jimenez, Keyshla M"]
[Result "1/2-1/2"]
[WhiteElo "1623"]
[BlackElo "1683"]
[PlyCount "133"]
[EventDate "2018.09.24"]
[EventType "team-swiss"]
[EventRounds "11"]
[EventCountry "GEO"]
[SourceTitle "Ajedrez en Madrid"]
[Source "lmi"]
[SourceDate "2018.09.24"]
[WhiteTeam "Nicaragua"]
[BlackTeam "Puerto Rico"]
[WhiteTeamCountry "NCA"]
[BlackTeamCountry "PUR"]

1. d4 Nf6 2. Nf3 e6 3. Bf4 c5 4. c3 Be7 5. e3 b6 6. Nbd2 Bb7 7. Bd3 d5 8. O-O
Nbd7 9. Ne5 Nxe5 10. Bxe5 Bd6 11. Bb5+ Kf8 12. Nf3 a6 13. Ba4 Rc8 14. Rc1 Ng4
15. Bg3 Bxg3 16. hxg3 h5 17. Re1 Qf6 18. Qe2 h4 19. gxh4 Rxh4 20. g3 Rh6 21.
Kg2 Ke7 22. Rh1 Rch8 23. Rh4 Rxh4 24. Nxh4 Qg5 25. Rh1 Rh6 26. Bc2 f5 27. Qe1
Kf7 28. Nf3 Qf6 29. Rh4 g5 30. Rxg4 fxg4 31. Ne5+ Kg7 32. Nxg4 Qf7 33. Nxh6
Kxh6 34. Qh1+ Qh5 35. Qxh5+ Kxh5 36. Kf3 Kh6 37. Kg4 Bc8 38. Kf3 Kg7 39. Bd3 c4
40. Bc2 Kf6 41. Bd1 Bd7 42. b3 b5 43. Bc2 Be8 44. Kg4 a5 45. bxc4 bxc4 46. f4
gxf4 47. gxf4 Bg6 48. Ba4 Bf5+ 49. Kf3 Bd3 50. a3 Kf5 51. Bd7 Bf1 52. Kf2 Bd3
53. Kf3 Bf1 54. Kf2 Bd3 55. Ke1 Be4 56. Kd2 Bf3 57. Ba4 Be4 58. Bd1 Bd3 59. Bh5
Be4 60. Ke2 Bc2 61. Kf2 Be4 62. Ke1 Bd3 63. Kd2 Be4 64. Be2 Bb1 65. Kc1 Be4 66.
Kd2 Bb1 67. Kc1 1/2-1/2

[Event "43. Olimpiada Batumi 2018 Femenina"]
[Site "Batumi GEO"]
[Date "2018.10.05"]
[Round "11.1"]
[White "Caruana Pulpan, Oana"]
[Black "dos Ramos, Rosangela"]
[Result "1-0"]
[WhiteElo "1863"]
[BlackElo "1788"]
[PlyCount "113"]
[EventDate "2018.09.24"]
[EventType "team-swiss"]
[EventRounds "11"]
[EventCountry "GEO"]
[SourceTitle "Ajedrez en Madrid"]
[Source "lmi"]
[SourceDate "2018.09.24"]
[WhiteTeam "Malta"]
[BlackTeam "Surinam"]
[WhiteTeamCountry "MLT"]
[BlackTeamCountry "SUR"]

1. d4 b6 2. e4 Bb7 3. f3 e6 4. Nh3 Nf6 5. Bg5 h6 6. Be3 d6 7. Nc3 Be7 8. Be2 a6
9. Qd2 c5 10. d5 exd5 11. Nxd5 Nxd5 12. exd5 b5 13. a4 b4 14. O-O a5 15. Bb5+
Nd7 16. Nf4 Kf8 17. c4 Bc8 18. Rae1 Nf6 19. Re2 Kg8 20. Rfe1 Bf8 21. Bf2 Bd7
22. Bxd7 Qxd7 23. Qc2 Rd8 24. b3 Rc8 25. g4 g6 26. Nxg6 fxg6 27. Qxg6+ Qg7 28.
Qf5 Rd8 29. Re6 Qg5 30. Rxf6 Qxf5 31. Rxf5 Rh7 32. Bh4 Rc8 33. Re6 Rf7 34. Rxf7
Kxf7 35. Bf6 Ra8 36. h4 Ra7 37. Kf2 Rd7 38. Kg3 Bg7 39. Bxg7 Kxg7 40. h5 Kh7
41. Rg6 Rd8 42. Kf4 Rf8+ 43. Ke4 Re8+ 44. Re6 Rd8 45. Kf5 Rf8+ 46. Rf6 Re8 47.
Re6 Rf8+ 48. Ke4 Rd8 49. f4 Kg7 50. Rg6+ Kh7 51. Kf5 Rf8+ 52. Rf6 Re8 53. Rxd6
Re3 54. Rc6 Rxb3 55. Rxc5 Rc3 56. Rxa5 Rxc4 57. Rb5 1-0